Daredevil's Powers Quiz Stats

 Plays Quiz Updated Jun 21, 2020

Support Sporcle.
Go Orange.
Score 0/5 Timer 02:00
2 Plays Today
% Correct
Enhanced hearing
94.4%
Enhanced smell
90.3%
Enhanced touch
84.4%
Enhanced taste
81.4%
Sonar vision
71.6%

You're not logged in!

Compare scores with friends on all Sporcle quizzes.
OR
Log In

From the Vault

'L' Entertainment Images

by druhutch

The letter 'L' looks like a fairly short person with huge feet. That's entertainment enough for us!
Remove Ads.
Support Sporcle.
Get the best of Sporcle when you Go Orange. This ad-free experience offers more features, more stats, and more fun while also helping to support Sporcle. Thank you for becoming a member.

Show Comments

Extras

Top Quizzes Today


Score Distribution

Your Account Isn't Verified!

In order to create a playlist on Sporcle, you need to verify the email address you used during registration. Go to your Sporcle Settings to finish the process.

Report this User

Report this user for behavior that violates our Community Guidelines.

Details: